• 首页
  • 本馆介绍
  • 公告通知
  • 最新文献
  • 馆藏检索
  • 电子资源
  • 读者导购
  • 参考咨询
  • 我的图书馆
  • 登录
  • 详细信息显示
  • 放入我的书架
  • 预约/预借图书
  • 作者相关作品
  • 分类相关作品
  • 丛书相关作品
  • 出版社相关作品

书目信息

  • 表格格式
  • 工作单格式
  • 卡片格式
题名:
更新教育观念报告集
    
 
作者: 李连宁 , 傅国亮 主编 ;教育部基础教育司 编
分册:  
出版信息: 北京   中国人民大学出版社  2001
页数: 218页
开本: 21cm
丛书名:
单 册:
中图分类: G632.0-53 , G632.0
科图分类:
主题词: 中小学--教育观念--文集 , 中小学--教育改革--文集 , 教育思想
电子资源:
ISBN: 7-300-03962-6
000 01005nam0 2200277 450
001 1555396629
005 20150122162111.37
010    @a7-300-03962-6@dCNY11.00
100    @a20111227e20022001em y0chiy50 ea
101 0  @achi
102    @aCN@b110000
105    @ay z 000yy
200 1  @a更新教育观念报告集@9geng xin jiao yu guan nian bao gao ji@f李连宁,傅国亮主编@g教育部基础教育司编
210    @a北京@c中国人民大学出版社@d2001@h2002重印
215    @a218页@d21cm
330    @a本报告集是教育部更新中小学教育观念、全面推进素质教育的一束集锦。内容包括:观念更新要贯穿于教育改革的全过程、学校管理工作要与时俱进、构建学习化校园等。
606 0  @a中小学@x教育观念@j文集
606 0  @a中小学@x教育改革@j文集
606 0  @a教育思想
690    @aG632.0-53@v5
690    @aG632.0@v4
701  0 @a李连宁@9li lian ning@f(1954~)@4主编
701  0 @a傅国亮@9fu guo liang@4主编
712 02 @a教育部基础教育司@9jiao yu bu ji chu jiao yu si@4编
801  0 @aCN@bTSSF@c20150122
905    @aZUCC@dG632.0@eJY74
    
    更新教育观念报告集/李连宁,傅国亮主编/教育部基础教育司编.-北京:中国人民大学出版社,2001(2002重印)
    218页;21cm
    
    
    ISBN 7-300-03962-6:CNY11.00
    本报告集是教育部更新中小学教育观念、全面推进素质教育的一束集锦。内容包括:观念更新要贯穿于教育改革的全过程、学校管理工作要与时俱进、构建学习化校园等。
●
相关链接 在E读中查询图书 在五车中查询图书 在当当中查询图书 在豆瓣中查询图书


正题名:更新教育观念报告集     索取号:G632.0/JY74         预约/预借

序号 登录号 条形码 馆藏地/架位号 状态 备注
1 7849115   278491151   学院路分馆/ [索取号:G632.0/JY74] 在馆    
2 7849116   278491160   学院路分馆/ [索取号:G632.0/JY74] 在馆    
唐山师范学院图书馆 欢迎您!
大连网信软件有限公司© 版权所有